00442 2200169 4500245007200000020001800072250001100090100002200101700000800123650002500131005001900156260003500175041001400210084001000224300002900234336000900263 aBelajar Mudah & Cepat Microsoft Excel 2010cBagus Winahyu Rm.hText a602-7819-65-0 aCet. 1 aBagus Winahyu Rm. afLo aMicrosoft Excel 2010 a20240903111108 aYogyakartabPustaka Baru Press aIndonesia a005.5 aviii, 218 hlm. :c20 cm. atext